[Event "4NCL/Div3/WES2 vs. AD2"]
[Site "West Bromwich ENG"]
[Date "2004.06.20"]
[Round "11.8"]
[White "McIntosh, Doreen"]
[Black "Khoo, Selina"]
[Result "0-1"]
[WhiteElo "1304"]
[BlackElo "1608"]
[PlyCount "112"]
[EventDate "2004.06.20"]

1. d4 d5 2. c4 c6 3. Nc3 dxc4 4. a4 Nf6 5. e3 Bf5 6. Bxc4 e6 7. Nf3 Bb4 8. O-O
O-O 9. Qb3 Qe7 10. Na2 Bd6 11. Bd2 Ne4 12. Rfd1 Qc7 13. Bb4 Nd7 14. Bxd6 Nxd6
15. Bd3 Rac8 16. Rac1 Qb8 17. Nc3 Bxd3 18. Rxd3 c5 19. Qd1 Rfd8 20. d5 e5 21.
Ng5 h6 22. Nge4 Rf8 23. Nxd6 Qxd6 24. Ne4 Qg6 25. Ng3 Nb6 26. Rdc3 Nd7 27. e4
Qb6 28. Qg4 Nf6 29. Qe2 Kh8 30. h3 Rc7 31. Qd2 Rfc8 32. Kh2 Qd6 33. f3 Qa6 34.
d6 Rd7 35. Nf5 b6 36. Rc4 Rcd8 37. Qc3 Re8 38. Ne7 Rxd6 39. Qxe5 Re6 40. Ng6+
fxg6 41. Qg3 Kh7 42. Qe1 Rd8 43. e5 Nd5 44. f4 Qb7 45. Qe4 Qe7 46. g4 Nb4 47.
Re1 Qf7 48. Re3 Kh8 49. Kg3 Qd7 50. f5 gxf5 51. gxf5 Ree8 52. e6 Qd6+ 53. Kg4
Qd5 54. Qf4 Nd3 55. e7 Nxf4 56. exd8=Q Qxd8 0-1

[Event "4NCL/Div3/SWD2 vs. ATH"]
[Site "West Bromwich ENG"]
[Date "2004.06.20"]
[Round "11.1"]
[White "Morris, Charles F"]
[Black "Spreeuw, Jaap"]
[Result "1/2-1/2"]
[WhiteElo "2225"]
[BlackElo "2306"]
[PlyCount "114"]
[EventDate "2004.06.20"]

1. c4 c6 2. Nf3 d5 3. g3 Nf6 4. Bg2 Bg4 5. Ne5 Bh5 6. cxd5 Nxd5 7. Qb3 Nd7 8.
d4 Nxe5 9. dxe5 Qa5+ 10. Bd2 Qa6 11. f3 f5 12. Nc3 e6 13. O-O Qb6+ 14. Qxb6
Nxb6 15. b3 Bc5+ 16. Kh1 O-O-O 17. Bg5 Rd7 18. Rac1 Bd4 19. Nb5 Bxe5 20. Nxa7+
Kb8 21. Nxc6+ bxc6 22. Rxc6 Rd6 23. Rc5 Bd4 24. Ra5 Rd5 25. Bf4+ e5 26. Rxd5
Nxd5 27. Rd1 Nxf4 28. gxf4 Rc8 29. Bf1 Bg6 30. fxe5 Bxe5 31. Rd5 Rc1 32. Rxe5
Rxf1+ 33. Kg2 Rc1 34. h4 Rc2 35. a4 Rb2 36. Re7 Rxb3 37. Rxg7 Rb7 38. Rg8+ Kc7
39. Rg7+ Kc6 40. Rxb7 Kxb7 41. Kg3 Be8 42. a5 Bb5 43. e3 Ka6 44. Kf4 Be2 45. e4
fxe4 46. fxe4 Kxa5 47. Kg5 Bd3 48. e5 Kb6 49. Kf6 Kc7 50. e6 Kd8 51. Kf7 Bg6+
52. Kf8 Be8 53. Kg7 h5 54. Kf8 Bg6 55. Kg7 Be8 56. Kf8 Bg6 57. Kg7 Be8 1/2-1/2

[Event "4NCL/Div3/SWD2 vs. ATH"]
[Site "West Bromwich ENG"]
[Date "2004.06.20"]
[Round "11.2"]
[White "Quinn, John M"]
[Black "Blackburn, Jonathan L B"]
[Result "0-1"]
[WhiteElo "2167"]
[BlackElo "2165"]
[PlyCount "72"]
[EventDate "2004.06.20"]

1. d4 e6 2. c4 Nf6 3. Nc3 Bb4 4. Qc2 c5 5. dxc5 Na6 6. a3 Bxc3+ 7. Qxc3 Nxc5 8.
f3 d6 9. b4 Ncd7 10. Bb2 Nb6 11. Qb3 Bd7 12. Rc1 d5 13. cxd5 exd5 14. e3 O-O
15. Bd3 Ba4 16. Qa2 Re8 17. Bd4 Rc8 18. Rxc8 Qxc8 19. Ne2 Nc4 20. Bxc4 dxc4 21.
O-O Nd5 {=} 22. e4 Nb6 23. Nc3 Bb3 24. Qb2 Rd8 25. Bxg7 Qe6 26. Nb5 Qg6 27. Bf6
Rd3 28. Qe5 Nd7 29. Qe8+ Nf8 30. Be7 Qg7 31. e5 Ba4 32. Bf6 Qh6 33. f4 a6 34.
Qc8 Bxb5 35. f5 Bc6 36. h4 Qe3+ 0-1

[Event "4NCL/Div3/SWD2 vs. ATH"]
[Site "West Bromwich ENG"]
[Date "2004.06.20"]
[Round "11.3"]
[White "Kett, Timothy"]
[Black "Pedersen, Carsten"]
[Result "1-0"]
[WhiteElo "2180"]
[BlackElo "2040"]
[PlyCount "57"]
[EventDate "2004.06.20"]

1. d4 e6 2. e4 d5 3. Nc3 Bb4 4. e5 c5 5. a3 Bxc3+ 6. bxc3 Qc7 7. Nf3 Ne7 8. Be2
b6 9. O-O Ba6 10. a4 Bxe2 11. Qxe2 O-O 12. Ba3 Nd7 13. Ng5 h6 14. Nh3 Ng6 15.
Qh5 Rfc8 16. f4 Ndf8 17. f5 exf5 18. Qxf5 Ne6 19. dxc5 bxc5 20. Rae1 Rf8 21.
Nf2 Qe7 22. Bc1 Qh4 23. g3 Qxa4 24. Ng4 Ne7 25. Qh5 Qxc2 26. Bxh6 Qg6 27. Qh4
Nf5 28. Rxf5 Qxf5 29. Bxg7 1-0

[Event "4NCL/Div3/SWD2 vs. ATH"]
[Site "West Bromwich ENG"]
[Date "2004.06.20"]
[Round "11.4"]
[White "McKeown, Paul"]
[Black "Spice, Alan"]
[Result "1-0"]
[WhiteElo "2050"]
[BlackElo "2161"]
[PlyCount "81"]
[EventDate "2004.06.20"]

1. Nf3 e6 2. c4 f5 3. g3 Nf6 4. Bg2 Be7 5. O-O O-O 6. d4 d6 7. Nc3 Qe8 8. Re1
Ne4 9. Qc2 Qg6 10. Nd2 Nxc3 11. Qxc3 Bf6 12. c5 dxc5 13. Qxc5 Nd7 14. Qxc7 Bxd4
15. e3 Bb6 16. Qc2 e5 17. a4 e4 18. a5 Bd8 19. f3 exf3 20. Nxf3 Bf6 21. Nd4 {=}
21... Bxd4 22. exd4 Qa6 23. b4 Nf6 24. Qb3+ Kh8 25. Bf4 Bd7 26. d5 Rae8 27. Re5
Ng4 28. Ree1 Qf6 29. h3 Qd4+ 30. Kh1 Nf2+ 31. Kh2 Nd3 32. Red1 Bb5 33. Bd6 f4
34. gxf4 Rxf4 35. Bxf4 Qxf4+ 36. Kh1 Qg3 37. Rxd3 Bxd3 38. Qc3 Qg6 39. Re1 Rf8
40. Qc5 Rd8 41. Qe7 1-0

[Event "4NCL/Div3/SWD2 vs. ATH"]
[Site "West Bromwich ENG"]
[Date "2004.06.20"]
[Round "11.5"]
[White "Sully, David"]
[Black "Gruettner, Ralf"]
[Result "1/2-1/2"]
[WhiteElo "2119"]
[BlackElo "2055"]
[PlyCount "59"]
[EventDate "2004.06.20"]

1. d4 Nf6 2. Nc3 d5 3. Bg5 Bf5 4. e3 e6 5. g4 Bg6 6. Nge2 h6 7. Bh4 c6 8. h3
Bd6 9. f4 Nbd7 10. Bg2 Qc7 11. O-O O-O-O 12. Nc1 Rdf8 13. a3 Bh7 14. Nd3 Ne4
15. Nxe4 Bxe4 16. Bxe4 dxe4 17. Ne5 g5 18. Bg3 Bxe5 19. fxe5 f6 20. Qd2 h5 21.
Qg2 fxe5 22. Qxe4 Qb6 23. Bxe5 Nxe5 24. Qxe5 Re8 25. Rf6 hxg4 26. Rxe6 Ref8 27.
Rf6 Re8 28. Re6 Ref8 29. Rf6 Re8 30. Re6 1/2-1/2

[Event "4NCL/Div3/SWD2 vs. ATH"]
[Site "West Bromwich ENG"]
[Date "2004.06.20"]
[Round "11.6"]
[White "Stevenson, James A B"]
[Black "Brown, Alan M"]
[Result "1/2-1/2"]
[WhiteElo "2113"]
[BlackElo "2113"]
[PlyCount "124"]
[EventDate "2004.06.20"]

1. d4 Nf6 2. Nf3 e6 3. g3 c5 4. c4 d5 5. cxd5 Nxd5 6. Bg2 Be7 7. O-O O-O 8. e4
Nb6 9. Nc3 cxd4 10. Nxd4 a6 11. Nb3 Nc6 12. Qe2 Bd7 13. Rd1 Ne5 14. f4 Nec4 15.
e5 Qc7 16. a4 Bc6 17. a5 Bxg2 18. Kxg2 Qc6+ 19. Qf3 Nd5 20. Nxd5 exd5 21. Qxd5
Qxd5+ 22. Rxd5 Rfd8 23. Rxd8+ Rxd8 24. Ra4 Rc8 25. Kf3 Kf8 26. Ke4 Bd8 27. Kd5
Nxa5 28. Nxa5 Bxa5 29. Rxa5 Rxc1 30. Rc5 Rd1+ 31. Ke4 Ke7 32. f5 Re1+ 33. Kd5
Kd7 34. Rc4 Re2 35. Rb4 b5 36. h4 Rd2+ 37. Kc5 Rc2+ 38. Kb6 Rc6+ 39. Kb7 Rc5
40. Kxa6 Rxe5 41. Rxb5 Re3 42. Rb7+ Ke8 43. g4 Re4 44. g5 Rxh4 45. f6 gxf6 46.
gxf6 Rf4 47. Rb6 h5 48. Kb7 Kd7 49. Ka7 h4 50. b4 h3 51. Rb7+ Ke6 52. b5 Rxf6
53. Rb8 h2 54. Rh8 Rf2 55. b6 Ra2+ 56. Kb7 Kd7 57. Rh7 Rf2 58. Kb8 Rf6 59. b7
Rf2 60. Rh6 Ra2 61. Rh7 Rf2 62. Rh6 Ra2 1/2-1/2

[Event "4NCL/Div3/SWD2 vs. ATH"]
[Site "West Bromwich ENG"]
[Date "2004.06.20"]
[Round "11.7"]
[White "Adams, Mark A"]
[Black "Aniecko, Colin"]
[Result "1-0"]
[WhiteElo "1973"]
[BlackElo "1512"]
[PlyCount "71"]
[EventDate "2004.06.20"]

1. e4 d5 2. exd5 Qxd5 3. Nc3 Qa5 4. d4 Nf6 5. Bd2 c6 6. h3 Qb6 7. Nf3 Bf5 8.
Rb1 e6 9. Be2 Be7 10. O-O Nbd7 11. Be3 Qc7 12. Bd3 Bg6 13. Bxg6 hxg6 14. Qe2
Nd5 15. Nxd5 cxd5 16. Rbc1 a6 17. c4 Qd6 18. c5 Qc7 19. Qd2 Nf6 20. Bf4 Qc8 21.
Ne5 g5 22. Bh2 Nd7 23. Qe2 Nxe5 24. Bxe5 Bf6 25. Rfe1 Qc6 26. Rc3 Kd7 27. Rb3
Bxe5 28. Qxe5 f6 29. Qe3 b5 30. cxb6 g4 31. Rc1 Qd6 32. Rc7+ Kd8 33. Rbc3 Qxb6
34. R7c6 Qb7 35. Qxe6 Qd7 36. Rd6 1-0

[Event "4NCL/Div3/SWD2 vs. ATH"]
[Site "West Bromwich ENG"]
[Date "2004.06.20"]
[Round "11.8"]
[White "Wu, Claire"]
[Black "Wilson, Julie"]
[Result "0-1"]
[WhiteElo "1296"]
[BlackElo "1720"]
[PlyCount "74"]
[EventDate "2004.06.20"]

1. c4 e5 2. Nc3 d6 3. g3 f5 4. Bg2 Nf6 5. d3 Be7 6. f4 O-O 7. e4 Nc6 8. Nge2
fxe4 9. Nxe4 Rb8 10. O-O Bg4 11. Qc2 Qe8 12. Be3 a6 13. Rab1 Kh8 14. b4 Qh5 15.
N2c3 Bf5 16. Nxf6 Bxf6 17. Nd5 Qg6 18. Rbd1 Bd8 19. Qd2 Ne7 20. Nc3 Bg4 21.
Rde1 exf4 22. Bxf4 Bf5 23. Be3 Nc6 24. Nd5 Ne5 25. Nf4 Qf7 26. Qe2 Bf6 27. Bd5
Qd7 28. Qd2 c6 29. Bg2 Rbe8 30. c5 Ng4 31. a3 Nxe3 32. Rf3 Nxg2 33. Nxg2 Rxe1+
34. Qxe1 dxc5 35. bxc5 Bxd3 36. Rf4 Re8 37. Qc1 Bg5 0-1

[Event "4NCL/Div3/FCA vs. GUI3"]
[Site "West Bromwich ENG"]
[Date "2004.06.20"]
[Round "11.1"]
[White "Macdonald-Ross, Michael"]
[Black "Richardson, Keith B"]
[Result "0-1"]
[WhiteElo "2198"]
[BlackElo "2227"]
[PlyCount "65"]
[EventDate "2004.06.20"]

1. d4 Nf6 2. Nf3 g6 3. c4 Bg7 4. Nc3 O-O 5. e4 d6 6. Be2 e5 7. O-O Nc6 8. d5
Ne7 9. Ne1 Nd7 10. Be3 f5 11. f3 f4 12. Bf2 g5 13. a4 Ng6 14. a5 Rf7 15. c5
Nxc5 16. Bxc5 dxc5 17. Bc4 Kh8 18. Nd3 Bf8 19. d6 Rg7 20. dxc7 Rxc7 21. Nf2 Rd7
22. Nd5 Ne7 23. Qa4 Nc6 24. Ng4 Rd6 25. Nf2 Rg6 26. Ra3 Bd6 27. h3 Nd4 28. Rfa1
Bd7 29. Qd1 Qf8 30. Rd3 Qf7 31. Raa3 Rf8 32. Rxd4 cxd4 33. Rb3 0-1

[Event "4NCL/Div3/FCA vs. GUI3"]
[Site "West Bromwich ENG"]
[Date "2004.06.20"]
[Round "11.2"]
[White "Punnett, Alan K"]
[Black "Freeman, Richard C P"]
[Result "1/2-1/2"]
[WhiteElo "2139"]
[BlackElo "2139"]
[PlyCount "108"]
[EventDate "2004.06.20"]

1. e4 c5 2. Nc3 Nc6 3. g3 g6 4. Bg2 Bg7 5. d3 d6 6. Be3 e5 7. f4 Nd4 8. Nd5 Ne7
9. Nxe7 Qxe7 10. c3 Nc6 11. Ne2 O-O 12. O-O f5 13. Qd2 Be6 14. exf5 gxf5 15. d4
exd4 16. cxd4 Bf7 17. Rfe1 Rfd8 18. Bf2 Qf6 19. Qc2 Rac8 20. dxc5 dxc5 21. Rad1
Nb4 22. Rxd8+ Rxd8 23. Qa4 Nd3 24. Rd1 Qxb2 25. Bf1 c4 26. Qxa7 Qc2 27. Qa5 Re8
28. Rd2 Qb1 29. Qxf5 Qb4 30. Rc2 Nxf2 31. Kxf2 Qb6+ 32. Ke1 Qe3 33. Qa5 Bg6 34.
f5 Bh5 35. Qd5+ Bf7 36. Qd2 Qd3 37. g4 b5 38. Kf2 Bf6 39. Ng3 Bd4+ 40. Kg2 Bd5+
41. Kh3 Qxd2 42. Rxd2 c3 43. Rc2 b4 44. Ne2 Bf6 45. Kg3 Be4 46. Rc1 Bg5 47. Nf4
Bc6 48. Bc4+ Kf8 49. Be6 Bd7 50. Bxd7 Re3+ 51. Kf2 Bxf4 52. Ba4 Rh3 53. Rh1 Rd3
54. Rd1 Rxd1 1/2-1/2

[Event "4NCL/Div3/FCA vs. GUI3"]
[Site "West Bromwich ENG"]
[Date "2004.06.20"]
[Round "11.3"]
[White "Smith, Graham M"]
[Black "Shepley, Julien M"]
[Result "1/2-1/2"]
[WhiteElo "2165"]
[BlackElo "2112"]
[PlyCount "47"]
[EventDate "2004.06.20"]

1. b3 e5 2. Bb2 d6 3. e3 Nf6 4. c4 Nbd7 5. Nc3 g6 6. g3 Bg7 7. Bg2 Nc5 8. Qc2
Bf5 9. e4 Be6 10. Nge2 Qd7 11. h3 Nh5 12. d3 a5 13. Nd5 f5 14. O-O-O O-O 15. f3
Rae8 16. g4 fxe4 17. dxe4 Nf4 18. Nexf4 exf4 19. Kb1 Bxd5 20. cxd5 Bxb2 21.
Qxb2 Qg7 22. Rd4 Re5 23. h4 h6 24. Bf1 1/2-1/2

[Event "4NCL/Div3/FCA vs. GUI3"]
[Site "West Bromwich ENG"]
[Date "2004.06.20"]
[Round "11.4"]
[White "Stimpson, Philip M"]
[Black "Elwin, Adrian G"]
[Result "1/2-1/2"]
[WhiteElo "2123"]
[BlackElo "2066"]
[PlyCount "96"]
[EventDate "2004.06.20"]

1. f4 d5 2. e3 c5 3. b3 Nf6 4. Nf3 Bg4 5. Bb2 Nc6 6. Bb5 Qb6 7. Bxc6+ Qxc6 8.
O-O e6 9. Qe1 Bxf3 10. Rxf3 Be7 11. d3 O-O-O 12. a4 Nd7 13. Bxg7 Rhg8 14. Bb2
Rg6 15. Nd2 f5 16. Rh3 d4 17. e4 Bd6 18. Rf3 Rdg8 19. g3 h5 20. c3 dxc3 21.
Bxc3 h4 22. Qe3 Rg4 23. Nf1 hxg3 24. hxg3 e5 25. Kf2 c4 26. exf5 cxd3 27. Bxe5
Nxe5 28. Rc1 Nxf3 29. Rxc6+ bxc6 30. Qxf3 Bc5+ 31. Kg2 Kc7 32. Qxd3 Rd8 33. Qc4
Bb6 34. Qf7+ Rd7 35. Qe6 Rd6 36. Qe2 Rg8 37. f6 Bd4 38. Qe7+ Rd7 39. Qe6 Rg6
40. Qf5 Rxf6 41. Qe4 Rff7 42. Qe6 Rfe7 43. Qg6 Re1 44. Qf5 Re2+ 45. Kh3 Rd8 46.
Qf7+ Kb8 47. Qc4 Re7 48. Qxc6 Bb6 1/2-1/2

[Event "4NCL/Div3/FCA vs. GUI3"]
[Site "West Bromwich ENG"]
[Date "2004.06.20"]
[Round "11.5"]
[White "Valentine, Brian J"]
[Black "Hill, David F"]
[Result "1/2-1/2"]
[WhiteElo "2063"]
[BlackElo "2049"]
[PlyCount "55"]
[EventDate "2004.06.20"]

1. e4 d6 2. d4 g6 3. Nc3 Bg7 4. h3 Nd7 5. Nf3 c6 6. a4 Qc7 7. Be2 Ngf6 8. O-O
O-O 9. Be3 b6 10. Qd2 Bb7 11. Rad1 a6 12. Bh6 b5 13. Bxg7 Kxg7 14. Qe3 b4 15.
e5 Rfe8 16. e6 bxc3 17. exd7 Qxd7 18. Qxc3 a5 19. Rfe1 Rec8 20. Qd2 e6 21. b3
Qc7 22. c4 c5 {=} 23. Qe3 Bxf3 24. Bxf3 Rab8 25. Rd3 Rb4 26. Bd1 d5 27. cxd5
Nxd5 28. Qe5+ 1/2-1/2

[Event "4NCL/Div3/FCA vs. GUI3"]
[Site "West Bromwich ENG"]
[Date "2004.06.20"]
[Round "11.6"]
[White "Smart, Michael R"]
[Black "Kendall, Paul S W"]
[Result "1-0"]
[WhiteElo "1936"]
[BlackElo "1944"]
[PlyCount "61"]
[EventDate "2004.06.20"]

1. e4 e5 2. d4 exd4 3. c3 d3 4. Bxd3 Nc6 5. Nf3 d6 6. Bc4 Nf6 7. Bg5 Be7 8.
Nbd2 O-O 9. h3 h6 10. Be3 Nd7 11. Qc2 Nce5 12. Be2 Nxf3+ 13. gxf3 f5 14. exf5
Nc5 15. O-O-O Bxf5 16. Ne4 Bxe4 17. fxe4 Bg5 18. Bxg5 Qxg5+ 19. Kb1 Qf6 20.
Rdf1 Rae8 21. f3 Kh8 22. Rhg1 Ne6 23. Rg3 Nf4 24. Rfg1 Re7 25. Bd1 c6 26. a3
Qe5 27. Qd2 a5 28. h4 d5 29. exd5 Qxd5 30. Qc1 Rd8 31. Qxf4 1-0

[Event "4NCL/Div3/FCA vs. GUI3"]
[Site "West Bromwich ENG"]
[Date "2004.06.20"]
[Round "11.7"]
[White "Shaw, John S"]
[Black "Jones, H Trevor"]
[Result "1/2-1/2"]
[WhiteElo "1808"]
[BlackElo "1776"]
[PlyCount "102"]
[EventDate "2004.06.20"]

1. d4 Nf6 2. Nf3 e6 3. e3 d5 4. Bd3 Bd6 5. Nbd2 Nbd7 6. c4 dxc4 7. Nxc4 Bb4+ 8.
Bd2 Qe7 9. O-O Bxd2 10. Qxd2 O-O 11. Nce5 Nxe5 12. Nxe5 c5 13. dxc5 Qxc5 14. f4
Nd5 15. Rf3 f5 16. Rc1 Qe7 17. e4 Nb4 18. Bb1 Nc6 19. Nxc6 bxc6 20. exf5 exf5
21. Re3 Qf6 22. Qc3 Qxc3 23. Rexc3 Bd7 24. Rd3 Rf7 25. a3 Kf8 26. Ba2 Re7 27.
Rcd1 Ke8 28. Kf2 Rb8 29. b4 {=} 29... g6 30. Rd6 Rb7 31. h3 Rb8 32. Kf3 Ra8 33.
g4 fxg4+ 34. hxg4 a5 35. R1d2 axb4 36. axb4 Ra3+ 37. R6d3 Rxd3+ 38. Rxd3 Re1
39. Bg8 Rf1+ 40. Ke3 Bxg4 41. Bxh7 Rf3+ 42. Ke4 Rxd3 43. Kxd3 Kf7 44. Kd4 Kg7
45. Bxg6 Kxg6 46. Kc5 Bd7 47. Kd6 Be8 48. Ke7 Bf7 49. Kd6 Bd5 50. b5 cxb5 51.
Kxd5 Kf5 1/2-1/2

[Event "4NCL/Div3/FCA vs. GUI3"]
[Site "West Bromwich ENG"]
[Date "2004.06.20"]
[Round "11.8"]
[White "Morris, Claire H"]
[Black "Wilcox, Charlotte"]
[Result "1-0"]
[WhiteElo "1616"]
[BlackElo "1552"]
[PlyCount "79"]
[EventDate "2004.06.20"]

1. e4 e5 2. Nf3 Nc6 3. d4 exd4 4. Nxd4 Nf6 5. f3 Bc5 6. Be3 Nxd4 7. Bxd4 Nxe4
8. Bxc5 Nxc5 9. Nc3 d6 10. Qd2 Be6 11. O-O-O Qd7 12. b4 Na6 13. Bb5 c6 14. Bxa6
bxa6 15. Qxd6 Qxd6 16. Rxd6 Rc8 17. a3 O-O 18. Rhd1 Rfe8 19. Ne4 h6 20. Nc5 Bc4
21. Rd7 Re3 22. Kb2 a5 23. R7d4 Be2 {=} 24. Re1 axb4 25. axb4 Ree8 26. c4 Rb8
27. Kc3 Re3+ 28. Kd2 Rbe8 29. Ne4 Rb3 30. Nc3 Rb2+ 31. Kc1 Rxb4 32. Rxe2 Reb8
33. Kc2 a5 34. Rde4 Kf8 35. c5 Rb2+ 36. Kd3 R2b3 37. Ra2 Rd8+ 38. Kc2 Rdb8 39.
Rea4 R3b4 40. Rxa5 1-0

[Event "4NCL/Div3/SCS vs. SLO2"]
[Site "West Bromwich ENG"]
[Date "2004.06.20"]
[Round "11.1"]
[White "Dickinson, Timothy R"]
[Black "Jones, Gawain C B"]
[Result "0-1"]
[WhiteElo "2177"]
[BlackElo "2405"]
[PlyCount "84"]
[EventDate "2004.06.20"]

1. Nc3 c5 2. Nf3 g6 3. g3 Bg7 4. Bg2 Nc6 5. O-O d5 6. e4 d4 7. Nb1 e5 8. d3
Nge7 9. Nh4 O-O 10. f4 exf4 11. Bxf4 h6 12. Bc1 Be6 13. Nd2 Rc8 14. a4 Qd7 15.
b3 b6 16. Nc4 g5 17. Nf3 f5 18. Nfd2 fxe4 19. Nxe4 Rxf1+ 20. Bxf1 Rf8 21. a5
Qc7 22. axb6 axb6 23. Bd2 {=} 23... Nd5 24. Qh5 Ne3 25. Nxe3 dxe3 26. Bc3 Nd4
27. Bxd4 cxd4 28. Bg2 Qxc2 29. Qg6 Bf5 30. Qxb6 Qxd3 31. h4 e2 32. Re1 Qe3+ 33.
Kh2 gxh4 34. gxh4 Bxe4 35. Qe6+ Kh8 36. Bxe4 Rf2+ 37. Kh1 Rf1+ 38. Kh2 Qf4+ 39.
Kg2 Rxe1 40. Qe8+ Qf8 41. Qg6 Rg1+ 42. Kh3 Rxg6 0-1

[Event "4NCL/Div3/SCS vs. SLO2"]
[Site "West Bromwich ENG"]
[Date "2004.06.20"]
[Round "11.2"]
[White "Jedryczka, Krystian"]
[Black "Heaton, Robert"]
[Result "1-0"]
[WhiteElo "2334"]
[BlackElo "2121"]
[PlyCount "55"]
[EventDate "2004.06.20"]

1. e4 c6 2. d4 d5 3. exd5 cxd5 4. c4 Nf6 5. Nc3 e6 6. Nf3 Be7 7. Bd3 Nc6 8. c5
Bd7 9. a3 O-O 10. O-O Qc8 11. Re1 Bd8 12. b4 a6 13. Bg5 h6 14. Bh4 Na7 15. Bc2
Nb5 16. Na4 Ne8 17. Qd3 g6 18. Bxd8 Qxd8 19. Nb6 Rb8 20. Ne5 Bc8 21. Re3 Ng7
22. a4 Nc7 23. Rf3 Na8 24. Nxc8 Rxc8 25. b5 Nc7 26. c6 bxc6 27. b6 Nce8 28. b7
1-0

[Event "4NCL/Div3/SCS vs. SLO2"]
[Site "West Bromwich ENG"]
[Date "2004.06.20"]
[Round "11.3"]
[White "Reynolds, D Ian"]
[Black "Gough, Michael J"]
[Result "1/2-1/2"]
[WhiteElo "2103"]
[BlackElo "2153"]
[PlyCount "73"]
[EventDate "2004.06.20"]

1. e4 e6 2. d3 d5 3. Nd2 c5 4. Ngf3 Nc6 5. g3 Bd6 6. Bg2 Nge7 7. O-O O-O 8. Nh4
f6 9. f4 Bd7 10. f5 d4 11. Nc4 Bc7 12. a4 a6 13. Qg4 e5 14. Qe2 b5 15. axb5
axb5 16. Rxa8 Qxa8 17. Na3 Qa6 18. g4 Na5 19. g5 fxg5 20. Bxg5 Qd6 21. Kh1 b4
22. Nc4 Nxc4 23. dxc4 Nc6 24. Qd3 Bd8 25. Bxd8 Nxd8 26. b3 Bc6 27. Nf3 Nf7 28.
Ne1 Ng5 29. Qe2 h6 30. Nd3 Nh7 31. Bf3 Ng5 32. Bg2 Qe7 33. Re1 Nh7 34. Qg4 Nf6
35. Qg3 Re8 36. Bf3 Kh8 37. h3 1/2-1/2

[Event "4NCL/Div3/SCS vs. SLO2"]
[Site "West Bromwich ENG"]
[Date "2004.06.20"]
[Round "11.4"]
[White "Richmond, Robert J"]
[Black "Mooring, Ross A C"]
[Result "1-0"]
[WhiteElo "2207"]
[BlackElo "2040"]
[PlyCount "51"]
[EventDate "2004.06.20"]

1. d4 e6 2. c4 Nf6 3. Nc3 Bb4 4. Qc2 c5 5. dxc5 Bxc5 6. Nf3 Nc6 7. a3 a6 8. b4
Nd4 9. Nxd4 Bxd4 10. e3 Bxc3+ 11. Qxc3 a5 12. Bb2 axb4 13. axb4 Rxa1+ 14. Bxa1
b6 15. Bd3 Bb7 16. O-O O-O 17. e4 Qc7 18. Qc2 h6 19. f3 Rc8 20. Qf2 Ne8 21. Bd4
b5 22. cxb5 f6 23. Bb2 Qd6 24. Qd4 Qxd4+ 25. Bxd4 d5 26. e5 1-0

[Event "4NCL/Div3/SCS vs. SLO2"]
[Site "West Bromwich ENG"]
[Date "2004.06.20"]
[Round "11.5"]
[White "Bland, David"]
[Black "Lindner, Daniel"]
[Result "0-1"]
[WhiteElo "2006"]
[BlackElo "2228"]
[PlyCount "107"]
[EventDate "2004.06.20"]

1. d4 Nf6 2. Nf3 e6 3. e3 b6 4. Bd3 Bb7 5. O-O Be7 6. c4 O-O 7. Nc3 c5 8. d5
exd5 9. cxd5 d6 10. e4 Ba6 11. Re1 Bxd3 12. Qxd3 a6 13. a4 Nbd7 14. Nd2 Ne5 15.
Qf1 g5 16. f4 gxf4 17. Qxf4 Kh8 18. Qf1 Rg8 19. Nc4 Nfg4 20. Nd1 Bh4 21. Nxe5
dxe5 22. Re3 Nxe3 23. Nxe3 Qf6 24. Bd2 Qxf1+ 25. Rxf1 f6 26. Nf5 Rg4 27. Nxh4
Rxh4 28. Rxf6 Rxe4 29. Rxb6 Rd4 30. Bc3 Rxd5 31. Re6 Kg8 32. Rxe5 Rxe5 33. Bxe5
Kf7 34. Kf2 Ke6 35. Bc3 Kd5 36. g4 a5 37. h4 Kc4 38. Ke3 Kb3 39. Ke4 Kxa4 40.
Kd5 Kb3 41. g5 a4 42. Bf6 c4 43. h5 Ra6 44. Ke4 h6 45. Kf5 Ra5+ 46. Kg6 hxg5
47. h6 g4 48. h7 Ra8 49. Be5 a3 50. bxa3 c3 51. Bf4 c2 52. Kg7 g3 53. h8=Q Rxh8
54. Kxh8 0-1

[Event "4NCL/Div3/SCS vs. SLO2"]
[Site "West Bromwich ENG"]
[Date "2004.06.20"]
[Round "11.6"]
[White "Redpath, Joseph"]
[Black "Lowry-O'Reilly, Hannah"]
[Result "1-0"]
[WhiteElo "2210"]
[BlackElo "1590"]
[PlyCount "69"]
[EventDate "2004.06.20"]

1. d4 d5 2. Nf3 Nf6 3. e3 Bf5 4. c4 dxc4 5. Bxc4 e6 6. O-O c6 7. Nbd2 h6 8. b3
Bd6 9. Re1 Ne4 10. Bb2 Nd7 11. Nxe4 Bxe4 12. Nd2 Bg6 13. f4 Qe7 14. a3 Nf6 15.
Qf3 Bh5 16. Qf2 Bg6 17. e4 b5 18. Bf1 Bc7 19. h3 a6 20. Rac1 Qd7 21. f5 Bh7 22.
Nf3 O-O 23. Ne5 Bxe5 24. dxe5 Nxe4 25. Rxe4 Bxf5 26. Rd4 Qb7 27. Rd6 Be4 28.
Qd4 Bd5 29. Rc3 Rad8 30. Rg3 Qc7 31. Qg4 g6 32. Bd3 Kh7 33. Bxg6+ fxg6 34.
Qxg6+ Kh8 35. Rxd8 1-0

[Event "4NCL/Div3/SCS vs. SLO2"]
[Site "West Bromwich ENG"]
[Date "2004.06.20"]
[Round "11.7"]
[White "Hardy-Wallace, Daniel"]
[Black "Armstrong, Malcolm"]
[Result "0-1"]
[WhiteElo "1376"]
[BlackElo "2129"]
[PlyCount "56"]
[EventDate "2004.06.20"]

1. e4 e5 2. Nf3 Nc6 3. Bb5 g6 4. c3 Bg7 5. O-O Nge7 6. d4 a6 7. Bxc6 Nxc6 8.
Re1 d6 9. Be3 O-O 10. Nbd2 Kh8 11. d5 Ne7 12. c4 f5 13. exf5 Bxf5 14. Qb3 b6
15. Rad1 Bg4 16. Bg5 h6 17. Bxe7 Qxe7 18. h3 Bd7 19. Ne4 Rf4 20. Kh2 Raf8 21.
Re3 g5 22. Nfd2 h5 23. Rh1 Bh6 24. g3 Rxf2+ 25. Kg1 Qf7 26. Qd1 g4 27. Rd3 gxh3
28. Qe1 Rg2# 0-1

[Event "4NCL/Div3/SCS vs. SLO2"]
[Site "West Bromwich ENG"]
[Date "2004.06.20"]
[Round "11.8"]
[White "Barraclough, Stephanie"]
[Black "Sutton, Louise"]
[Result "1-0"]
[WhiteElo "1901"]
[BlackElo "1000"]
[PlyCount "45"]
[EventDate "2004.06.20"]

1. e4 e5 2. f4 Nc6 3. Nf3 f5 4. exf5 e4 5. Ne5 Nf6 6. d3 d5 7. dxe4 dxe4 8.
Qxd8+ Nxd8 9. g4 Bd6 10. Bg2 b6 11. g5 Nd7 12. Nxd7 Kxd7 13. Nc3 Bb4 14. Bd2
Bb7 15. O-O-O Re8 16. Rhe1 Nf7 17. Nxe4 Bd6 18. Nxd6 Nxd6 19. Bxb7 Nxb7 20.
Bc3+ Kc6 21. Bxg7 Nd6 22. f6 Nf5 23. Rxe8 1-0

[Event "4NCL/Div3/HKF1 vs. BRI2"]
[Site "West Bromwich ENG"]
[Date "2004.06.20"]
[Round "11.1"]
[White "Hebden, Mark L"]
[Black "Dilleigh, Stephen P"]
[Result "1-0"]
[WhiteElo "2544"]
[BlackElo "2163"]
[PlyCount "67"]
[EventDate "2004.06.20"]

1. d4 d6 2. e4 Nf6 3. Nc3 g6 4. Nf3 c6 5. Be3 Bg7 6. Qd2 Qa5 7. Bd3 Bg4 8. Ng1
Na6 9. h3 Bd7 10. Nf3 O-O 11. O-O e5 12. a3 Qc7 13. dxe5 dxe5 14. Bxa6 bxa6 15.
Bc5 Rfe8 16. Bd6 Qb7 17. Nxe5 Rad8 18. Nd3 Be6 19. e5 Nd7 20. Qf4 f6 21. exf6
Nxf6 22. Rab1 Qd7 23. Bb4 Nd5 24. Nxd5 Qxd5 25. Rfe1 Bf5 26. Be7 Rd7 27. Nb4
Qf7 28. Bc5 Rxe1+ 29. Rxe1 Bxb2 30. Nxc6 Bf6 31. Ne5 Bxe5 32. Qxe5 Qd5 33. Qe8+
Kg7 34. Qf8# 1-0

[Event "4NCL/Div3/HKF1 vs. BRI2"]
[Site "West Bromwich ENG"]
[Date "2004.06.20"]
[Round "11.2"]
[White "Djabri, Kathy"]
[Black "Berzinsh, Roland"]
[Result "0-1"]
[WhiteElo "2042"]
[BlackElo "2456"]
[PlyCount "72"]
[EventDate "2004.06.20"]

1. e4 c5 2. c3 d5 3. exd5 Qxd5 4. d4 Nc6 5. Nf3 e6 6. Be3 cxd4 7. cxd4 Nf6 8.
Nc3 Qd6 9. a3 Be7 10. Qd2 O-O 11. Bc4 b6 12. O-O Bb7 13. Rfe1 Na5 14. Ba2 Bxf3
15. gxf3 Rad8 16. Rac1 Nc6 17. Red1 Qb8 18. Qe2 Bd6 19. Ne4 Ne7 20. Bg5 Nh5 21.
Nxd6 Qxd6 22. Qe4 Rd7 23. Qg4 g6 24. Bxe7 Qxe7 25. Re1 Qd6 26. Rcd1 Rfd8 27.
Bb3 Qf4 28. Re4 Qf6 29. Kf1 Rd6 30. Ke2 Ng7 31. Qg3 Nf5 32. Qe5 Nxd4+ 33. Rdxd4
Qxe5 34. Rxe5 Rxd4 35. Re3 Rd2+ 36. Kf1 Rxb2 0-1